Normal view
MARC view
- القدس تاريخ- الاحتلال الاسرائيلي 1948، القدس- سياة وحكومة
Entry Topical Term
001 - CONTROL NUMBER
- control field: 37287
003 - CONTROL NUMBER IDENTIFIER
- control field: JO-AjAnu
005 - DATE AND TIME OF LATEST TRANSACTION
- control field: 20230606080223.0
008 - FIXED-LENGTH DATA ELEMENTS
- fixed length control field: 230606|| aca||aabn | a|a d
040 ## - CATALOGING SOURCE
- Original cataloging agency: JO-AjAnu
- Transcribing agency: JO-AjAnu
150 ## - HEADING--TOPICAL TERM
- Topical term or geographic name entry element: القدس تاريخ- الاحتلال الاسرائيلي 1948، القدس- سياة وحكومة
670 ## - SOURCE DATA FOUND
- Source citation: Work cat.: (JO-AjAnu)19134: تاليف نظام الدين، عرفان ، م.مشارك: الدجاني، علي طاهر, author 37286, القدس ايمان وجهاد